000 00650cab a2200241 4500
001 ABS50415
008 090401t1994 xxu||||| |||| 00| 0 eng d
035 _a(Sirsi) u75612
041 _aeng
100 _aCatt, R.
245 _aAlgae, lichens and moulds
260 _c1994
350 _a0
490 _aCSM (Chartered Surveyor Monthly)
_v3(7) April 1994, 33(1)
520 _aOffers advice on treating algae, lichens and moulds when cleaning buildings.
650 _aALGAE
650 _aLICHENS
650 _aMOULD
650 _aSTONE CLEANING
690 _aBUILT ENVIRONMENT-BUILDING INSPECTION
942 _n0
948 _c04/03/1997
999 _c47565
_d47565